Sociální zodpovědnost podniku a spokojenost zákazníka

Transakčno-špecifická spokojnosť, kumulatívna spokojnosť. Podniky a organizácie sa zaujímajú o spokojnosť zákazníka. Spoločenská zodpovednosť podniku a orientácia na zákazníka. Spoločenská zodpovednosť voči všetkým, ku ktorým má podnik určitý vzťah, t.j. i voči zákazníkom by mala byť súčasťou straté...

Descripción completa

Guardado en:
Detalles Bibliográficos
Autor principal: Klapalová, Alena
Formato: Capítulo de libro
Lenguaje:checo
Materias:
Etiquetas: Agregar Etiqueta
Sin Etiquetas, Sea el primero en etiquetar este registro!

MARC

LEADER 00000naa$a2200000$$$4500
001 0047153
005 20221207085446.6
041 0 |a cze 
044 |a SK 
245 1 0 |a Sociální zodpovědnost podniku a spokojenost zákazníka  |c Alena Klapalová 
520 |a Transakčno-špecifická spokojnosť, kumulatívna spokojnosť. Podniky a organizácie sa zaujímajú o spokojnosť zákazníka. Spoločenská zodpovednosť podniku a orientácia na zákazníka. Spoločenská zodpovednosť voči všetkým, ku ktorým má podnik určitý vzťah, t.j. i voči zákazníkom by mala byť súčasťou stratégie podniku v podobe politiky spoločenskej zodpovednosti, ktorú možno označiť za sekundárnu hybnú silu. Vo vyspelejších ekonomikách podniky vnímajú zákazníka ako jedného z najvýznamnejších stakeholderov, súčasť sociálneho prostredia, v Čechách to tak nie je. 
610 2 0 |a podnik 
610 2 0 |a zodpovednosť spoločenská 
610 2 0 |a zákazníci 
610 2 0 |a svet 
610 2 0 |a Česko 
100 1 |a Klapalová, Alena